[Event "Druzynowe Mistrzostwa Polski Juniorow 2019 - II Liga"]
[Site "Szczyrk"]
[Date "1899-12-30"]
[Round "7.2"]
[White "Musial, Tomasz"]
[Black "Madajczak, Jakub"]
[Result "1/2-1/2"]
[WhiteTitle "k"]
[BlackTitle "I"]
[WhiteElo "1856"]
[BlackElo "1631"]

1. d4 Nf6 2. c4 c5 3. d5 e6 4. Nc3 exd5 5. cxd5 d6 6. g3 g6 7. Bg2 Bg7 8. Nf3 O-O
9. O-O a6 10. a4 Nbd7 11. Re1 Re8 12. Bf4 Qc7 13. e4 Ng4 14. h3 Nge5 15. Nxe5
Nxe5 16. Be3 Nc4 17. Bc1 Rb8 18. Bf1 Na5 19. Be3 c4 20. Rc1 b5 21. axb5 axb5 22.
Qc2 Nb3 23. Rcd1 Bd7 24. Nb1 f5 25. Nd2 Nc5 26. Bxc5 Qxc5 27. Bg2 Qb4 28. Rb1
Ra8 29. exf5 Rxe1+ 30. Rxe1 Qxb2 31. Qxb2 Bxb2 32. fxg6 hxg6 33. Ne4 c3 34. Re2
Bf5 35. g4 Bxe4 36. Bxe4 Kf7 37. Bc2 b4 38. Re6 Ra3 39. Bxg6+ Kg7 40. Rxd6 b3
41. Rc6 Ra5 42. d6 Rd5 43. Bf5 Rxf5 44. gxf5 c2 45. Rc7+ Kh6 46. d7 Bf6 47. Kg2
Kg5 48. Rc6 Bd8 49. f6 Kg6 50. Rc8 Bxf6 51. Rc6 Kg7 52. Rxf6 c1=Q 53. d8=Q Qg5+
54. Kf1 Qxf6 55. Qc7+ Kh6 56. Qc1+ Kg7 1/2-1/2

[Event "Druzynowe Mistrzostwa Polski Juniorow 2019 - II Liga"]
[Site "Szczyrk"]
[Date "1899-12-30"]
[Round "7.3"]
[White "Madajczak, Piotr"]
[Black "Kutowski, Marcel"]
[Result "1/2-1/2"]
[WhiteTitle "I"]
[BlackTitle "I"]
[WhiteElo "1645"]
[BlackElo "1659"]

1. c4 c5 2. Nc3 Nc6 3. g3 g6 4. Bg2 Bg7 5. e3 e6 6. Nge2 Nge7 7. O-O O-O 8. Rb1
d5 9. cxd5 exd5 10. d4 cxd4 11. Nxd4 Nxd4 12. exd4 Bf5 13. Ra1 Qb6 14. Bg5 Nc6
15. Nxd5 Qxd4 16. Qxd4 Bxd4 17. Bf6 Bxf6 18. Nxf6+ Kg7 19. Ne4 Bxe4 20. Bxe4 Rac8
21. Rac1 Nd4 22. Rxc8 Rxc8 23. Rd1 Rd8 24. Kg2 b6 25. h4 Ne6 26. Rxd8 Nxd8 27.
Kf3 Kf6 28. Ke3 Ke6 29. Kd4 Kd6 30. Bd5 f6 31. g4 h6 32. f3 Ne6+ 33. Bxe6 Kxe6
34. Ke4 Kd6 35. Kd4 a6 36. b3 Ke6 37. Ke4 1/2-1/2

[Event "Druzynowe Mistrzostwa Polski Juniorow 2019 - II Liga"]
[Site "Szczyrk"]
[Date "1899-12-30"]
[Round "7.4"]
[White "Wilk, Igor"]
[Black "Karp, Kacper"]
[Result "0-1"]
[WhiteTitle "I"]
[BlackTitle "I"]
[WhiteElo "1689"]
[BlackElo "1601"]

1. e4 c5 2. Nf3 Nc6 3. d4 cxd4 4. Nxd4 g6 5. c4 Bg7 6. Be3 Nf6 7. Nc3 O-O 8. Be2
d6 9. O-O Bd7 10. Qd2 Nxd4 11. Bxd4 Bc6 12. f3 a5 13. b3 Nd7 14. Bxg7 Kxg7 15.
Qd4+ Kg8 16. Rac1 Qb6 17. Qxb6 Nxb6 18. Nd5 Bxd5 19. cxd5 Rfc8 20. Bb5 Kg7 21.
a4 Rc5 22. Rxc5 dxc5 23. Rc1 Rc8 24. Kf2 f5 25. Ke3 Kf6 26. g3 Ke5 27. Bc4 fxe4
28. fxe4 Nd7 29. Be2 Nf6 30. Bf3 b6 31. h3 g5 32. Bg4 Rf8 33. Bf5 Nxd5+ 34. Kd3
Nf6 35. Kc4 e6 36. Bg4 Nxg4 37. hxg4 Rf3 38. Rh1 Rxg3 39. Rxh7 Rxg4 40. Kb5 Rxe4
41. Kxb6 Rb4+ 42. Kxc5 Rxb3 43. Rg7 Kf4 44. Kd6 Re3 45. Rf7+ Kg3 46. Kc5 g4 47.
Kd4 Rf3 48. Re7 Rf4+ 49. Ke3 Rxa4 50. Rxe6 Kg2 51. Rg6 g3 52. Rg5 Ra3+ 53. Ke2
Kg1 54. Rg4 g2 55. Rh4 Ra2+ 56. Ke1 a4 0-1

[Event "Druzynowe Mistrzostwa Polski Juniorow 2019 - II Liga"]
[Site "Szczyrk"]
[Date "1899-12-30"]
[Round "7.5"]
[White "Krzyzosiak, Marta"]
[Black "Pyzio, Amelia"]
[Result "1/2-1/2"]
[WhiteTitle "I++"]
[BlackTitle "I++"]
[WhiteElo "1631"]
[BlackElo "1616"]

1. e4 e5 2. Nf3 Nc6 3. Bc4 Bc5 4. c3 Nf6 5. d3 h6 6. Nbd2 d6 7. Bb3 O-O 8. Nf1
Bb6 9. Ng3 Ne7 10. O-O Ng6 11. h3 Be6 12. Bc2 Re8 13. Be3 Qd7 14. d4 c6 15. Qd2
Rad8 16. a4 Qc7 17. Rfd1 a5 18. b4 Rd7 19. b5 Rdd8 20. Rab1 c5 21. d5 Bc8 22.
c4 Qe7 23. Re1 Nh7 24. Bd3 Nh4 25. Qe2 Nf8 26. Nxh4 Qxh4 27. Qh5 Qf6 28. Be2 Ng6
29. Bg4 Bd7 30. Bxd7 Rxd7 31. Qf5 Qxf5 32. Nxf5 Kh7 33. Bd2 Ra8 34. Kh2 Re8 35.
Rb3 Ra8 36. Rbb1 Re8 37. Rb3 Rf8 38. Rg3 Bd8 39. Rb3 b6 40. g3 Re8 41. Rf3 Rf8
1/2-1/2

[Event "Druzynowe Mistrzostwa Polski Juniorow 2019 - II Liga"]
[Site "Szczyrk"]
[Date "1899-12-30"]
[Round "7.6"]
[White "Straczek, Wiktoria"]
[Black "Jedrzejko, Martyna"]
[Result "1-0"]
[WhiteTitle "I"]
[BlackTitle "I"]
[WhiteElo "1316"]
[BlackElo "1472"]

1. e4 c5 2. Nc3 Nc6 3. f4 g6 4. Nf3 Bg7 5. Bb5 Nd4 6. O-O Nxb5 7. Nxb5 a6 8. Nc3
d6 9. d3 Nf6 10. Qe1 O-O 11. Qh4 b5 12. f5 e6 13. Bg5 c4 14. Rad1 Qb6+ 15. Kh1
Nd7 16. Bh6 cxd3 17. Rxd3 Bxh6 18. Qxh6 Nf6 19. Ng5 Qc7 20. e5 dxe5 21. Nce4 1-0

[Event "Druzynowe Mistrzostwa Polski Juniorow 2019 - II Liga"]
[Site "Szczyrk"]
[Date "1899-12-30"]
[Round "7.7"]
[White "Sanz, Wawer Daniel"]
[Black "Grochol, Kamil"]
[Result "1/2-1/2"]
[WhiteTitle "k"]
[BlackTitle "I"]
[WhiteElo "2154"]
[BlackElo "1714"]

1. d4 d5 2. c4 e6 3. Nc3 a6 4. cxd5 exd5 5. Bf4 c6 6. e3 Bd6 7. Bxd6 Qxd6 8. Bd3
Ne7 9. Qc2 g6 10. Nf3 Bf5 11. Bxf5 Nxf5 12. g4 Ne7 13. O-O-O Nd7 14. h4 h5 15.
gxh5 Rxh5 16. Ne2 O-O-O 17. Ng3 Rh6 18. h5 Rdh8 19. hxg6 Rxh1 20. Nxh1 Qxg6 21.
Rg1 Qxc2+ 22. Kxc2 Nf5 23. Ng3 Nd6 24. Kd3 Kd8 25. Nd2 Ke7 26. f3 f5 27. Ne2 Kf7
28. Nf1 Nf6 29. Nf4 Rg8 30. Ng3 Rg7 31. Ke2 Rh7 32. Rg2 Rg7 33. Kf2 Nd7 34. Rh2
Nf6 35. Rh6 Rh7 36. Rxh7+ Nxh7 37. Nd3 Nf6 38. Nc5 Kg6 39. Ne2 Nh5 40. b3 Kg5
41. Kg2 Kf6 42. Kh3 Kg5 43. Kg2 Kf6 44. Kh2 Kg6 45. Nd3 Kf6 46. Kg1 Ng7 47. Kf2
Ne6 48. Ke1 Ke7 49. Kd2 Kd7 50. Kc3 b6 51. Kd2 a5 52. Ke1 Ke7 53. Ne5 Nd8 54.
Nf4 N6f7 55. Ned3 Ne6 56. Kd2 1/2-1/2

[Event "Druzynowe Mistrzostwa Polski Juniorow 2019 - II Liga"]
[Site "Szczyrk"]
[Date "1899-12-30"]
[Round "7.8"]
[White "Oles, Martin"]
[Black "Golecki, Jan"]
[Result "0-1"]
[WhiteTitle "I"]
[BlackTitle "I++"]
[WhiteElo "1682"]
[BlackElo "1947"]

1. c4 Nf6 2. Nf3 e6 3. g3 d5 4. Bg2 d4 5. b3 c5 6. Bb2 Nc6 7. O-O Bd6 8. e3 e5
9. exd4 cxd4 10. Re1 O-O 11. c5 Bc7 12. d3 Bf5 13. a3 a5 14. Qc2 Nd5 15. Nh4 Be6
16. Nd2 Rc8 17. Nc4 Qe7 18. f4 Qxc5 19. f5 Bd7 20. Qe2 b5 21. Nd2 Nce7 22. Rac1
Qb6 23. a4 Ne3 24. Be4 N7xf5 25. Nxf5 Bxf5 26. Rc6 Qb8 27. Ba3 b4 28. Bc1 Bd7
29. Qh5 f5 30. Bh1 Bxc6 31. Bxc6 Bd6 32. Bd7 Qb7 33. Be6+ Kh8 34. Qf3 Qxf3 35.
Nxf3 Rce8 36. Bxe3 dxe3 37. Bc4 Bc5 38. Re2 h6 39. Nh4 Rf6 40. Kg2 g5 41. Nf3
e4 42. Ne1 Rd8 0-1

[Event "Druzynowe Mistrzostwa Polski Juniorow 2019 - II Liga"]
[Site "Szczyrk"]
[Date "1899-12-30"]
[Round "7.9"]
[White "Kazmierowski, Tymon"]
[Black "Rzepka, Marcin"]
[Result "0-1"]
[WhiteTitle "II"]
[BlackTitle "II"]
[WhiteElo "1537"]
[BlackElo "1304"]

1. d4 Nf6 2. c4 e6 3. Nf3 d5 4. g3 Bb4+ 5. Nbd2 O-O 6. Bg2 Nc6 7. O-O Re8 8. cxd5
exd5 9. Nb3 Bg4 10. Bg5 h6 11. Bxf6 Qxf6 12. Rc1 Rad8 13. a3 Bd6 14. Re1 Re7 15.
Qd2 Rde8 16. h3 Bf5 17. Nh4 Be4 18. Rcd1 Re6 19. Na1 Qe7 20. e3 Qf6 21. Bxe4 Rxe4
22. Ng2 Qf5 23. Kh2 h5 24. b4 h4 25. Nb3 hxg3+ 26. fxg3 Qf3 27. Nf4 Bxf4 28. gxf4
Rxe3 29. Qg2 Qxg2+ 0-1

[Event "Druzynowe Mistrzostwa Polski Juniorow 2019 - II Liga"]
[Site "Szczyrk"]
[Date "1899-12-30"]
[Round "7.10"]
[White "Kubik, Bartosz"]
[Black "Mulawa, Cyprian"]
[Result "1/2-1/2"]
[WhiteTitle "II"]
[BlackTitle "II+"]
[WhiteElo "1264"]
[BlackElo "1454"]

1. e4 c5 2. b3 Nc6 3. Bb2 d6 4. g3 e5 5. Bg2 g6 6. Nc3 Bg7 7. Nge2 Nge7 8. O-O
O-O 9. d3 Be6 10. f4 Nd4 11. Nxd4 cxd4 12. Ne2 f5 13. Rc1 Qb6 14. Kh1 Rac8 15.
Qd2 a5 16. c3 dxc3 17. Bxc3 Nc6 18. Rfd1 Rfd8 19. Qb2 Re8 20. Re1 Nb4 21. Qd2
Qb5 22. Bxb4 Qxb4 23. Qxb4 axb4 24. exf5 Bxf5 25. Bxb7 Rxc1 26. Nxc1 Rb8 27. Bd5+
Kf8 28. fxe5 dxe5 29. Kg2 Rc8 30. Bc4 Bh6 31. Ne2 Ra8 32. Ra1 Bg7 33. h3 h5 34.
Kh2 Ke7 35. Kg2 Kd6 36. Kh2 Kc5 37. Kg2 e4 38. Rd1 exd3 39. Bxd3 Rxa2 40. Bxf5
Rxe2+ 41. Kf3 Rb2 42. Be6 Bf6 43. Bc4 h4 44. Rd5+ Kc6 45. gxh4 Bxh4 1/2-1/2

[Event "Druzynowe Mistrzostwa Polski Juniorow 2019 - II Liga"]
[Site "Szczyrk"]
[Date "1899-12-30"]
[Round "7.11"]
[White "Trzaskowska, Hanna"]
[Black "Kroliczek, Gabriela"]
[Result "0-1"]
[WhiteTitle "I"]
[BlackTitle "I++"]
[WhiteElo "1628"]
[BlackElo "1664"]

1. e4 c5 2. Nf3 e6 3. d4 cxd4 4. Nxd4 Bc5 5. Nb3 Bb6 6. Nc3 Ne7 7. Be2 O-O 8. Bf4
d5 9. exd5 Nxd5 10. Nxd5 exd5 11. O-O Nc6 12. Qd2 Be6 13. Rad1 Qf6 14. c3 h6 15.
Be3 Bc7 16. f4 Qg6 17. Bf3 Rad8 18. Kh1 h5 19. Qf2 b6 20. Qh4 Bg4 21. h3 Bxf3
22. Rxf3 f5 23. Rg3 Qf7 24. Rg5 Ne7 25. Rxh5 Ng6 26. Qg5 Bxf4 27. Bxf4 Nxf4 28.
Rh4 Ne6 29. Qd2 Qf6 30. Ra4 a5 31. Ra3 Rfe8 32. Nd4 Ng5 33. Qf4 g6 34. Qd2 Ne4
35. Qf4 g5 36. Qf3 f4 37. b4 Ng3+ 38. Kh2 Re3 39. Qg4 axb4 40. Rb3 bxc3 41. Nb5
d4 42. Rc1 Rde8 43. Qd7 Re1 44. Qd5+ Kg7 45. Rbb1 Nf1+ 46. Kg1 Ne3+ 47. Rxe1 Nxd5
48. Rxe8 c2 49. Rf1 Qc6 50. Ree1 Qxb5 0-1

[Event "Druzynowe Mistrzostwa Polski Juniorow 2019 - II Liga"]
[Site "Szczyrk"]
[Date "1899-12-30"]
[Round "7.12"]
[White "Gaszka, Zuzanna"]
[Black "Moscicka, Alicja"]
[Result "1-0"]
[WhiteTitle "I"]
[BlackTitle "II"]
[WhiteElo "1204"]
[BlackElo "1000"]

1. d4 Nf6 2. Nc3 d5 3. Bg5 e6 4. e4 Be7 5. e5 Nfd7 6. Be3 O-O 7. f4 Nc6 8. Qd2
b6 9. O-O-O Bb7 10. Nf3 h6 11. g4 Re8 12. h4 Nf8 13. h5 Nb8 14. g5 Nbd7 15. Rg1
Kh8 16. Qg2 hxg5 17. fxg5 c5 18. g6 f6 19. Bb5 Rc8 20. h6 Kg8 21. Rh1 fxe5 22.
hxg7 Kxg7 23. Qh2 Nxg6 24. Qh6+ Kf6 25. Bxd7 Qxd7 26. dxe5+ Kf7 27. Qh7+ Kf8 28.
Bh6# 1-0

[Event "Druzynowe Mistrzostwa Polski Juniorow 2019 - II Liga"]
[Site "Szczyrk"]
[Date "1899-12-30"]
[Round "7.13"]
[White "Burdzicki, Jan"]
[Black "Rudzinska, Michalina"]
[Result "1/2-1/2"]
[WhiteTitle "II+"]
[BlackTitle "WFM"]
[WhiteElo "1717"]
[BlackElo "2143"]

1. d4 Nf6 2. c4 e6 3. Nf3 c5 4. d5 exd5 5. cxd5 d6 6. Nc3 g6 7. Bf4 a6 8. a4 Bg7
9. h3 O-O 10. e3 Qe7 11. Nd2 Nbd7 12. Nc4 Ne8 13. a5 Ne5 14. Nb6 Rb8 15. Be2 f5
16. Bh2 Nd7 17. Qb3 Be5 18. Bxe5 Nxe5 19. O-O f4 20. exf4 Rxf4 21. Nxc8 Rxc8 22.
g3 Rb4 23. Qc2 Ng7 24. f4 Nc4 25. Bxc4 Rxc4 26. Rfe1 Qf7 27. Re4 Rxe4 28. Nxe4
Qf5 29. Qg2 Ne8 30. Rd1 h6 31. Kh2 Rc7 32. Rd2 Re7 33. Re2 Kf7 34. Qf3 Kf8 35.
Nc3 Rxe2+ 36. Qxe2 Nf6 37. Qd2 h5 38. Kg2 Kf7 39. Kh2 c4 40. Qe2 h4 41. Qxc4 hxg3+
42. Kg2 g5 43. Ne2 Kg6 44. Nxg3 1/2-1/2

[Event "Druzynowe Mistrzostwa Polski Juniorow 2019 - II Liga"]
[Site "Szczyrk"]
[Date "1899-12-30"]
[Round "7.14"]
[White "Wierzbicki, Michal"]
[Black "Burdzicki, Stanislaw"]
[Result "1-0"]
[WhiteTitle "I+"]
[BlackTitle "I"]
[WhiteElo "2007"]
[BlackElo "1660"]

1. d4 d5 2. Nf3 Nf6 3. c4 c6 4. e3 e6 5. Nc3 Nbd7 6. Bd3 dxc4 7. Bxc4 b5 8. Bd3
Bb7 9. O-O Bd6 10. e4 e5 11. dxe5 Nxe5 12. Nxe5 Bxe5 13. h3 Qd6 14. Qc2 Rd8 15.
Rd1 Qb8 16. Be3 O-O 17. Ne2 h6 18. f4 Bc7 19. g3 Bb6 20. Bxb6 axb6 21. a3 c5 22.
Nc3 b4 23. axb4 cxb4 24. Nb5 b3 25. Qe2 Qc8 26. Kh2 Rxd3 27. Rxd3 Nxe4 28. Nd6
Qc2 29. Qxc2 bxc2 30. Nxb7 Rc8 31. Rd8+ Rxd8 32. Nxd8 Nd2 33. Rc1 Nf3+ 34. Kg2
Nd4 35. Kf2 1-0

[Event "Druzynowe Mistrzostwa Polski Juniorow 2019 - II Liga"]
[Site "Szczyrk"]
[Date "1899-12-30"]
[Round "7.15"]
[White "Kaliszuk, Kamil"]
[Black "Czarniecki, Pawel"]
[Result "1/2-1/2"]
[WhiteTitle "I"]
[BlackTitle "II"]
[WhiteElo "1834"]
[BlackElo "1508"]

1. e4 c5 2. Nf3 e6 3. d4 cxd4 4. Nxd4 a6 5. Nc3 Qc7 6. g3 Nf6 7. Bg2 Be7 8. O-O
O-O 9. Re1 d6 10. Be3 Nc6 11. Nxc6 bxc6 12. Na4 Rb8 13. c4 c5 14. b3 Bb7 15. Nc3
Nd7 16. f4 Bf6 17. Rc1 Rbd8 18. Qc2 Nb8 19. Ne2 Nc6 20. g4 g6 21. g5 Bg7 22. f5
exf5 23. exf5 Be5 24. Nf4 Bxf4 25. Bxf4 Nd4 26. Qf2 Nxf5 27. Bxb7 Qxb7 28. Qg2
Qxg2+ 29. Kxg2 Rfe8 30. Kf2 Re6 31. Rxe6 fxe6 32. Rd1 e5 33. Bxe5 Re8 34. Bb2
Re4 35. Rd3 Kf7 36. h3 Ke6 37. Bc3 Kd7 38. Bf6 Kc6 39. Bb2 Kc7 40. Bf6 Kd7 41.
Bb2 Kc6 42. Bf6 Kb6 43. Bb2 Kb7 44. Bf6 Re6 45. Bb2 Kc6 46. Bc3 Ne7 47. Rf3 Nf5
48. Rd3 Re4 49. Bb2 Rf4+ 50. Kg2 Kd7 51. Bc3 Ke6 52. Bb2 Re4 1/2-1/2

[Event "Druzynowe Mistrzostwa Polski Juniorow 2019 - II Liga"]
[Site "Szczyrk"]
[Date "1899-12-30"]
[Round "7.16"]
[White "Pieczulis, Blazej"]
[Black "Binek, Dawid"]
[Result "1/2-1/2"]
[WhiteTitle "I"]
[BlackTitle "II"]
[WhiteElo "1480"]
[BlackElo "1322"]

1. d4 d5 2. c4 e6 3. Nc3 Nf6 4. Nf3 c5 5. e3 Nc6 6. cxd5 Nxd5 7. Be2 cxd4 8. exd4
Bb4 9. Qd3 h6 10. Bd2 O-O 11. O-O b6 12. a3 Nxc3 13. bxc3 Bd6 14. Bd1 Ne7 15.
Bc2 f5 16. Bb3 Ng6 17. Rfe1 Qf6 18. Qe2 Re8 19. Ne5 Bxe5 20. dxe5 Qe7 21. c4 Bb7
22. f3 Qc5+ 23. Qe3 Qxe3+ 24. Rxe3 Rad8 25. Bb4 Kf7 26. Kf2 Ne7 27. Rc1 a5 28.
Bd6 Nc8 29. c5 bxc5 30. Rxc5 Nxd6 31. exd6 Rxd6 32. Rxf5+ Kg6 33. Rxa5 Kf6 34.
Rae5 Bc8 35. f4 Ra6 36. Bc4 Rb6 37. Bb5 Re7 38. a4 Rd6 39. Re2 Rd4 40. Kg3 Rc7
41. R5e3 Rc5 42. Ra3 g5 43. fxg5+ Rxg5+ 44. Kf2 Bb7 45. g3 Rf5+ 46. Ke1 Bf3 47.
Bd3 Rfd5 48. Re3 Bh5 49. Kf2 Ra5 50. Re4 Rdd5 51. g4 Bg6 52. Rxe6+ Kxe6 53. Bxg6
Rd4 54. Re3+ Kf6 55. Bf5 Raxa4 1/2-1/2

[Event "Druzynowe Mistrzostwa Polski Juniorow 2019 - II Liga"]
[Site "Szczyrk"]
[Date "1899-12-30"]
[Round "7.17"]
[White "Orlik, Sandra"]
[Black "Choinska, Debora"]
[Result "1-0"]
[WhiteTitle "I++"]
[BlackTitle "I++"]
[WhiteElo "1805"]
[BlackElo "1737"]

1. e4 e5 2. Bc4 Nf6 3. d3 Be7 4. Nf3 Nc6 5. O-O O-O 6. h3 a6 7. a4 d5 8. exd5 Nxd5
9. Re1 Bf6 10. Nbd2 Bf5 11. Ne4 Bxe4 12. dxe4 Nb6 13. Bd5 Nxd5 14. exd5 Nd4 15.
c3 Nxf3+ 16. Qxf3 Re8 17. a5 Qd6 18. Ra4 Rad8 19. c4 c6 20. Rd1 e4 21. Qb3 cxd5
22. Rxd5 Qc6 23. Be3 Rxd5 24. cxd5 Qc7 25. Rb4 Qxa5 26. Rxb7 Be5 27. g3 Bd6 28.
Kg2 h6 29. Qc4 Qd8 30. Qxa6 Be5 31. Qc6 Qc8 32. b4 Qxc6 33. dxc6 Rc8 34. b5 Kf8
35. Bf4 Bxf4 36. gxf4 Ke8 37. f5 Rd8 38. c7 Rc8 39. Rb8 Kd7 40. b6 h5 41. Kg3
g6 42. fxg6 fxg6 43. Rxc8 Kxc8 44. Kf4 Kb7 45. Kxe4 g5 46. Kf5 g4 47. Kf4 gxh3
48. Kg3 1-0

[Event "Druzynowe Mistrzostwa Polski Juniorow 2019 - II Liga"]
[Site "Szczyrk"]
[Date "1899-12-30"]
[Round "7.18"]
[White "Walendykiewicz, Martyna"]
[Black "Bienek, Magdalena"]
[Result "0-1"]
[WhiteTitle "I"]
[BlackTitle "II"]
[WhiteElo "1221"]
[BlackElo "1104"]

1. d4 d5 2. c4 e6 3. Nc3 Nf6 4. Nf3 Be7 5. b3 b6 6. e3 Bb7 7. Bb2 O-O 8. Be2 c5
9. dxc5 Bxc5 10. O-O dxc4 11. bxc4 Nc6 12. a3 Rc8 13. Rc1 Qc7 14. Nb5 Qb8 15.
Bxf6 gxf6 16. Qb3 a6 17. Nbd4 Ne5 18. Nxe5 Qxe5 19. Nf3 Qh5 20. Nd4 Qg6 21. Bf3
Bxf3 22. Nxf3 Kh8 23. g3 Rfd8 24. a4 a5 25. Qb2 e5 26. Qc2 Rd6 27. Nh4 Qxc2 28.
Rxc2 Rcd8 29. Nf3 Rd1 30. Rc1 Rxf1+ 31. Kxf1 Rd3 32. Nh4 Ra3 33. Nf5 Rxa4 34.
Rd1 h5 35. Rc1 Kh7 36. Kg2 Kg6 37. Nh4+ Kg5 38. Nf3+ Kh6 39. Nd2 Ra2 40. Rd1 Kg6
41. Kf3 Rc2 42. Ke4 Bb4 43. Kd3 Rxd2+ 44. Rxd2 Bxd2 45. Kxd2 Kf5 46. Kc3 Ke6 47.
Kb3 Kd6 48. Ka4 Kc5 49. Kb3 e4 50. h3 f5 51. h4 f6 52. Ka3 Kxc4 53. Ka4 b5+ 54.
Kxa5 b4 55. Kb6 b3 56. Kc6 b2 57. Kd6 b1=Q 58. Ke6 Qf1 59. Ke7 Kd5 60. Kf7 Qxf2
0-1

[Event "Druzynowe Mistrzostwa Polski Juniorow 2019 - II Liga"]
[Site "Szczyrk"]
[Date "1899-12-30"]
[Round "7.19"]
[White "Luczak, Filip"]
[Black "Krawczyk, Wojciech"]
[Result "1/2-1/2"]
[WhiteTitle "CM"]
[BlackTitle "I"]
[WhiteElo "2144"]
[BlackElo "1780"]

1. d4 Nf6 2. c4 e6 3. g3 d5 4. Bg2 Be7 5. Nf3 O-O 6. O-O b6 7. cxd5 exd5 8. Nc3
Bb7 9. Bf4 Bd6 10. Bxd6 Qxd6 11. Rc1 c6 12. Nd2 Rd8 13. Re1 Qb4 14. Qa4 Qxa4 15.
Nxa4 Na6 16. a3 Nc7 17. Rc2 Ne6 18. e3 Rac8 19. Rec1 Rc7 20. b4 Re7 21. Nf3 Nd7
22. Bh3 Ra8 23. Rb2 Ba6 24. Bf1 Bxf1 25. Kxf1 b5 26. Nc5 Nexc5 27. dxc5 Ne5 28.
Nxe5 Rxe5 29. a4 a6 30. Ra1 Rc8 31. axb5 axb5 32. Rd2 Kf8 33. Rd4 Rc7 34. Ke2
f5 35. Ra2 Kf7 36. h4 g6 37. Ra6 Re6 38. Kf3 Kf6 39. Kf4 Re5 40. Ra8 Re6 41. Rf8+
Kg7 42. Ra8 Kf6 43. Ra6 Re5 44. f3 h6 45. e4 g5+ 46. hxg5+ hxg5+ 47. Ke3 Re6 48.
Kd3 fxe4+ 49. fxe4 dxe4+ 50. Rxe4 Rce7 51. Rd4 Re3+ 1/2-1/2

[Event "Druzynowe Mistrzostwa Polski Juniorow 2019 - II Liga"]
[Site "Szczyrk"]
[Date "1899-12-30"]
[Round "7.20"]
[White "Wrona, Florian"]
[Black "Majewski, Krzysztof"]
[Result "1-0"]
[WhiteTitle "I"]
[BlackTitle "I"]
[WhiteElo "1567"]
[BlackElo "1719"]

1. e4 d6 2. Nf3 g6 3. d4 Bg7 4. Bd3 a6 5. c3 Nd7 6. O-O h6 7. Re1 e5 8. Nbd2 Ne7
9. Nf1 O-O 10. Ng3 b6 11. Qc2 Bb7 12. Be3 Nc6 13. Qd2 Kh7 14. Rad1 b5 15. dxe5
Ndxe5 16. Nxe5 dxe5 17. Qc2 Qe7 18. f3 Rfd8 19. Be2 Rxd1 20. Rxd1 Rd8 21. b4 Rxd1+
22. Qxd1 Qe6 23. Qc2 Bf8 24. a3 Qd7 25. Nf1 Nd8 26. c4 c6 27. c5 Ne6 28. Qb2 Bg7
29. Nd2 Nd4 30. Kf2 Qe6 31. Bxd4 exd4 32. Bd3 Qe7 33. g3 Qg5 34. Nf1 Bc8 35. Qd2
Qe7 36. Qc2 Be6 37. Nd2 Kh8 38. Nf1 h5 39. a4 Kg8 40. axb5 axb5 41. Qb2 Qa7 42.
Nd2 h4 43. f4 Bg4 44. e5 Qd7 45. Qb3 Be6 46. Qb2 Bh3 47. Nf3 hxg3+ 48. hxg3 Be6
49. Qxd4 Bd5 50. Be4 Qb7 51. Bxd5 cxd5 52. Qc3 Qa7 53. Nd4 Qa2+ 54. Ne2 Qa7 55.
Qd4 Qa8 56. Qd3 f6 57. exf6 Bxf6 58. Qxg6+ Bg7 59. f5 Qa1 60. Qe6+ Kh8 61. Qxd5
Qa3 62. Qd8+ Kh7 63. Qh4+ Kg8 64. f6 Bf8 65. Qg5+ Kf7 66. Qf4 Qa7 67. Qe5 Qd7
68. Qd4 Qf5+ 69. Qf4 Qd7 70. Qe5 Kg8 71. Qg5+ Kf7 72. Qe5 Kg8 73. Qe4 Qf7 74.
Qg4+ Kh7 75. Qf5+ Kg8 76. g4 Qc4 77. Qg6+ Kh8 78. f7 Bxc5+ 79. bxc5 Qxc5+ 80.
Kf1 Qf8 81. Qf6+ Kh7 82. g5 Qa3 83. Qh6# 1-0

[Event "Druzynowe Mistrzostwa Polski Juniorow 2019 - II Liga"]
[Site "Szczyrk"]
[Date "1899-12-30"]
[Round "7.21"]
[White "Grzesik, Gracjan"]
[Black "Szlosarczyk, Hubert"]
[Result "1-0"]
[WhiteTitle "I++"]
[BlackTitle "I"]
[WhiteElo "1974"]
[BlackElo "1549"]

1. c4 e6 2. Nc3 d5 3. cxd5 exd5 4. d4 Nf6 5. Bg5 Be7 6. Qc2 c6 7. e3 Nbd7 8. Bd3
g6 9. Nge2 Nh5 10. Bxe7 Qxe7 11. O-O Nb6 12. Rad1 Ng7 13. Rfe1 Bf5 14. Ng3 Bxd3
15. Qxd3 O-O 16. f3 Rfe8 17. e4 Qb4 18. b3 Rad8 19. e5 a6 20. f4 Re6 21. f5 gxf5
22. Nxf5 Nxf5 23. Qxf5 Rg6 24. Ne2 Qe7 25. Rf1 Rg5 26. Qf4 Rg7 27. Ng3 Qg5 28.
Qf2 Rd7 29. Rde1 Kh8 30. Nf5 Rg8 31. g3 Nc8 32. Qf4 Qxf4 33. Rxf4 Rg6 34. Ref1
Kg8 35. Kf2 b6 36. g4 h6 37. h4 Kh7 38. Ke3 Rc7 39. Ng3 Kg8 40. Nh5 Re7 41. Kd3
c5 42. Nf6+ Kg7 43. Nxd5 Rd7 44. Nf6 Rxd4+ 45. Rxd4 cxd4 46. Kxd4 Ne7 47. Rf4
a5 48. a3 Kf8 49. Kc4 Nc6 50. Kd5 Ne7+ 51. Kd6 Ng8 52. Kd7 Nxf6+ 53. exf6 Kg8
54. Kc6 h5 55. g5 Kh7 56. Kxb6 Rg8 57. Kxa5 Ra8+ 58. Kb4 Rb8+ 59. Kc3 Kg6 60.
b4 Re8 61. a4 Ra8 62. a5 Rb8 63. Kb3 Rb5 64. Ka4 Rb8 65. a6 Rb6 66. Ka5 Rb8 67.
b5 Ra8 68. b6 Rb8 69. a7 Rc8 70. b7 1-0

[Event "Druzynowe Mistrzostwa Polski Juniorow 2019 - II Liga"]
[Site "Szczyrk"]
[Date "1899-12-30"]
[Round "7.22"]
[White "Duda, Szymon"]
[Black "Bochniak, Franciszek"]
[Result "1/2-1/2"]
[WhiteTitle "II+"]
[BlackTitle "II+"]
[WhiteElo "1380"]
[BlackElo "1194"]

1. e4 c5 2. Nf3 d6 3. d4 cxd4 4. Nxd4 Nf6 5. Nc3 a6 6. Be2 e5 7. Nf3 h6 8. h3 Be6
9. Be3 Be7 10. O-O O-O 11. Qd2 Nbd7 12. Rfd1 b5 13. a3 Nb6 14. Qe1 Qc7 15. Rac1
Rac8 16. Bd2 Qb7 17. Bd3 Nbd7 18. Qe2 Nb6 19. Qe1 Nfd7 20. Nh2 Nc5 21. f4 Nxd3
22. cxd3 Bb3 23. fxe5 dxe5 24. Qg3 Bxd1 25. Bxh6 Bf6 26. Rxd1 Kh7 27. Be3 Nd7
28. Ng4 Qc6 29. Rf1 Qe6 30. Nd5 Bd8 31. Qf3 Nb6 32. Nc3 Nd7 1/2-1/2

[Event "Druzynowe Mistrzostwa Polski Juniorow 2019 - II Liga"]
[Site "Szczyrk"]
[Date "1899-12-30"]
[Round "7.23"]
[White "Bienko, Jagoda"]
[Black "Czarnecka, Lidia"]
[Result "0-1"]
[WhiteTitle "I"]
[BlackTitle "I++"]
[WhiteElo "1415"]
[BlackElo "1731"]

1. d4 d5 2. Nf3 Nf6 3. g3 e6 4. Bg2 c5 5. O-O Nc6 6. b3 Be7 7. c4 dxc4 8. bxc4
cxd4 9. Bb2 e5 10. Na3 O-O 11. Nc2 Be6 12. Nd2 Nd7 13. Na3 Nc5 14. Qc1 f6 15.
Ne4 Rc8 16. Nxc5 Bxc5 17. Qc2 Qe7 18. Qa4 Rfd8 19. Rfd1 a6 20. h4 Qf7 21. Kh2
Bxa3 22. Bxa3 Bxc4 23. Rdc1 Bxe2 24. Bxc6 bxc6 25. Rc2 Bb5 26. Qb4 d3 27. Rd2
Rd4 28. Qc5 Qc4 29. Qxc4+ Bxc4 30. Bc5 Rd5 31. Be3 c5 32. Rc1 Bb5 33. Rc3 Kf7
34. Kg2 c4 35. g4 Bd7 36. g5 Be6 37. Rb2 Rb5 38. Rxb5 axb5 39. a3 Rb8 40. Bd2
Bd5+ 41. Kg3 Ke6 42. Kg4 fxg5 43. hxg5 Rf8 44. Be3 Rxf2 45. Bxf2 d2 46. Rg3 d1=Q+
47. Kh4 g6 48. Rg1 Qh5+ 49. Kg3 Qxg5+ 50. Kh3 Qf5+ 51. Rg4 Qxf2 52. a4 Qf3+ 53.
Kh4 Qxg4+ 0-1

[Event "Druzynowe Mistrzostwa Polski Juniorow 2019 - II Liga"]
[Site "Szczyrk"]
[Date "1899-12-30"]
[Round "7.24"]
[White "Slusarczyk, Anna"]
[Black "Grzesik, Nikola"]
[Result "1/2-1/2"]
[WhiteTitle "I"]
[BlackTitle "I"]
[WhiteElo "1328"]
[BlackElo "1338"]

1. d4 d5 2. c4 e6 3. Nc3 Nf6 4. Bg5 Be7 5. e3 b6 6. cxd5 exd5 7. Nf3 Bb7 8. Bd3
O-O 9. O-O Nbd7 10. Bc2 Ne4 11. Bxe7 Qxe7 12. Qd3 a5 13. Ba4 c6 14. Qd1 Ndf6 15.
Nd2 b5 16. Bc2 Nxc3 17. bxc3 Qa3 18. Nb1 Qd6 19. Nd2 Ba6 20. Bd3 Rfe8 21. Qc2
Ng4 22. g3 Qh6 23. Nf3 Qh3 24. Bf5 Re7 25. Rfe1 g6 26. Bxg4 Qxg4 27. Ne5 Qe6 28.
e4 dxe4 29. Qxe4 Bb7 30. Qb1 Qd6 31. Ng4 Rxe1+ 32. Qxe1 Kg7 33. Qe3 Qe6 34. Qh6+
Kg8 35. Qh4 Kg7 36. Qh6+ Kg8 37. Qh4 1/2-1/2

[Event "Druzynowe Mistrzostwa Polski Juniorow 2019 - II Liga"]
[Site "Szczyrk"]
[Date "1899-12-30"]
[Round "7.25"]
[White "Gorkiewicz, Mateusz"]
[Black "Swiech, Lukasz"]
[Result "1-0"]
[WhiteTitle "I"]
[BlackTitle "II"]
[WhiteElo "1985"]
[BlackElo "1625"]

1. e4 c5 2. Nf3 Nc6 3. d4 cxd4 4. Nxd4 Nf6 5. Nc3 e5 6. Ndb5 d6 7. Bg5 a6 8. Na3
b5 9. Nd5 Be7 10. Bxf6 Bxf6 11. c4 Bg5 12. cxb5 Qa5+ 13. Nc3 Nd4 14. Nc4 Qd8 15.
bxa6 Bxa6 16. Bd3 O-O 17. O-O Qb8 18. b3 Rd8 19. Qg4 h6 20. Nd5 Bc8 21. Qd1 Be6
22. Nce3 Qa7 23. Bc4 Rac8 24. Qd3 Bxe3 25. fxe3 Nc6 26. Qd2 Na5 27. Be2 Nc6 28.
Rac1 Ne7 29. Bc4 Ra8 30. Nxe7+ Qxe7 31. Bxe6 Qxe6 32. Rc7 Rd7 33. Rfc1 Kh7 34.
R1c6 Rxc7 35. Rxc7 Qg6 36. Qc2 Qg5 37. Qd2 Qg6 38. Rc4 Qe6 39. a4 Qd7 40. h3 Rb8
41. Qc3 Rb7 42. Kh2 Ra7 43. Qd3 Rb7 44. a5 Qb5 45. b4 f6 46. Qd5 Qd7 47. a6 Rb6
48. Qa5 Qa7 49. b5 Rb8 50. Rc3 Rb6 51. Kg3 Rb8 52. Kf3 Rb6 53. Rc6 Rxc6 54. bxc6
f5 55. c7 Qa8 56. Qa4 d5 57. exf5 d4+ 58. e4 Qc8 59. Qc6 Qf8 60. Qc1 1-0